La batalla por el Ciudadano Kane
Producido por la PBS para la serie de documentales "The American Experience", relata la lucha entre el cineasta Orson Welles y el magnate William Randolph Hearst sobre la creación y rodaje de 'Ciudadano Kane' (1941), cuyo protagonista (Charles Foster Kane) parece estar basado en...
Guardado en:
| Autor Principal: | |
|---|---|
| Autor Corporativo: | |
| Otros Autores: | , , , , |
| Formato: | |
| Idioma: | Undetermined |
| Publicado: |
Estados Unidos,
1996.
|
| Materias: | |
| Etiquetas: |
Agregar Etiqueta
Sin Etiquetas, Sea el primero en etiquetar este registro!
|
| LEADER | 01482ngm a22002775a 4500 | ||
|---|---|---|---|
| 001 | CEM.cems020182 | ||
| 008 | 230608s1996####xx#---############vlund#d | ||
| 005 | 20230608213016.0 | ||
| 245 | 1 | 0 | |a La batalla por el Ciudadano Kane |h [videograbación] / |c Michael Epstein y Thomas Lennon. |
| 260 | |a Estados Unidos, |c 1996. | ||
| 300 | |a 108'. | ||
| 520 | |a Producido por la PBS para la serie de documentales "The American Experience", relata la lucha entre el cineasta Orson Welles y el magnate William Randolph Hearst sobre la creación y rodaje de 'Ciudadano Kane' (1941), cuyo protagonista (Charles Foster Kane) parece estar basado en la figura de Randolph Hearst. Las entrevistas con los contemporáneos de ambos revela la intensa campaña para destruir la película y, en última instancia, arruinar la carrera del director. | ||
| 590 | |a Identificación anterior: 64 | ||
| 538 | |a Soporte: DVD -- Formato: DVD Peso: 4.10gb -- Resolución: 720 x 480 -- 29.97fps | ||
| 500 | |a Título original: The Battle Over Citizen Kane (American Experience). | ||
| 100 | 1 | |a Epstein, Michael. | |
| 700 | 1 | |a Lennon, Thomas; Guion. | |
| 700 | 1 | |a Cramer, Richard Ben; Guion. | |
| 700 | 1 | |a Keane, Brian; Guion. | |
| 700 | 1 | |a Andracke, Greg; Fotografía. | |
| 700 | 1 | |a Chin, Michael; Fotografía. | |
| 710 | 2 | |a Lennon Documentary Group. | |
| 653 | |a LARGOMETRAJE | ||
| 653 | |a DOCUMENTAL | ||
| 653 | |a ORSON WELLES | ||
| 859 | |a CEMS |b BIB. CEMS - Depto. Recursos Didacticos |h 778.5 |i EPS |k DRD |p 3023.23 |t Ej.1 | ||
